Exception to the rule (Record no. 74882)

MARC details
000 -LEADER
fixed length control field 01241cam a2200217 4500
001 - CONTROL NUMBER
control field ABS68727
008 - FIXED-LENGTH DATA ELEMENTS--GENERAL INFORMATION
fixed length control field 050304n2005 000 0 eng u
035 ## - SYSTEM CONTROL NUMBER
System control number (Sirsi) u128949
100 ## - MAIN ENTRY--PERSONAL NAME
Personal name Bingham, T.
245 ## - TITLE STATEMENT
Title Exception to the rule
260 ## - PUBLICATION, DISTRIBUTION, ETC.
Date of publication, distribution, etc. 2005
490 ## - SERIES STATEMENT
Series statement Building
Volume/sequential designation 270(8370) 25 February 2005, 52-53(2)
520 ## - SUMMARY, ETC.
Summary, etc. Discusses "Gemma Ltd v Gimson and others" ([2005] EWHC 69 (TCC), unreported). Mr and Mrs Gimson had employed Gemma Ltd to build their new luxury dwelling but there were disagreements and Gemma stopped work, claiming payment for achieved completion. Mr and Mrs Gimson counter claimed for damages. This was unusual as Gemma had gone into liquidation; the usual rule that applies is that a company is a separate entity from the individuals associated with it. However, in this case the claimant builders had clearly lost the sympathy of the court, and the judge concluded that the owners of the company had unreasonably pursued the litigation.
590 ## - LOCAL NOTE (RLIN)
Local note ABS
650 ## - SUBJECT ADDED ENTRY--TOPICAL TERM
Topical term or geographic name entry element GEMMA LTD V GIMSON AND OTHERS
650 ## - SUBJECT ADDED ENTRY--TOPICAL TERM
Topical term or geographic name entry element LITIGATION
650 ## - SUBJECT ADDED ENTRY--TOPICAL TERM
Topical term or geographic name entry element LIQUIDATION
650 ## - SUBJECT ADDED ENTRY--TOPICAL TERM
Topical term or geographic name entry element COSTS ORDERS
690 ## - LOCAL SUBJECT ADDED ENTRY--TOPICAL TERM (OCLC, RLIN)
Topical term or geographic name as entry element MANGEMENT-DISPUTE AVOIDANCE, MANAGEMENT AND RESOLUTION-DISPUTE MANAGEMENT AND RESOLUTION
942 ## - ADDED ENTRY ELEMENTS (KOHA)
Suppress in OPAC 0
Holdings
Withdrawn status Lost status Source of classification or shelving scheme Damaged status Not for loan Home library Current library Shelving location Date acquired Total Checkouts Full call number Barcode Date last seen Copy number Price effective from Koha item type
    Dewey Decimal Classification     London London Journal article 07/03/2005   ABS68727 128949-1001 06/08/2019 1 06/08/2019 Journal article